| 000 | 00982nam a2200325 a 4500 | ||
|---|---|---|---|
| 001 | 000115586 | ||
| 003 | CHAP | ||
| 005 | 20220329144540.0 | ||
| 008 | 190611s2013 sp a |r| ||||||spa d | ||
| 010 | _a112047 | ||
| 011 | _a113019 | ||
| 020 | _a9788428216128 | ||
| 040 | _cCHAP | ||
| 082 | 0 | 4 |
_a641.4 _bC75 |
| 245 | 0 | 0 |
_aCurso básico de : _bconservas / _ceditado por Mary Ling. |
| 260 |
_aBarcelona, Esp. : _bOmega _bDorling Kindersley Limited, _c2013. |
||
| 300 |
_a192 p. : _bil. |
||
| 490 | _aCurso básico de... | ||
| 534 |
_pTit. original: _tA Uttle Course In...Preserving |
||
| 590 |
_aE11695DGD _b10 _c20190616 _lUCH01 _h1411 |
||
| 590 |
_aE5765TAJ _b05 _c20190611 _lUCH01 _h1037 |
||
| 650 | 1 | 4 |
_aAlimentos _xConservación. _94179 |
| 650 | 1 | 4 |
_aConservas alimenticias. _9133510 |
| 650 | 1 | 4 |
_aConservas alimenticias _vManuales. _9136005 |
| 700 | 1 |
_aLing, Mary _eed. _9136004 |
|
| 830 | 0 |
_aCurso básico de... _9136006 |
|
| 901 | _aBK | ||
| 942 | _cLIBRO | ||
| 942 | _n0 | ||
| 999 |
_c112047 _d112047 |
||